Famous People with Initials AA, BB, CC, DD etc... - Statistics

General Stats
  • This quiz has been taken 107 times
  • The average score is 10 of 21
Answer Stats
Hint Answer % Correct
CC Discovered America Christopher Columbus
93%
AA Hawkeye Pierce in "M*A*S*H" Alan Alda
73%
GG Swedish-American actress during the 20s and 30s Greta Garbo
66%
JJ Wardroble malfunctioner & singer Janet Jackson
65%
LL Star of remake of "Freaky Friday" Lindsay Lohan
65%
WW POTUS No 28 Woodrow Wilson
65%
RR Sundance Kid Robert Redford
64%
NN In "48 hours" wtih Eddie Murphy Nick Nolte
57%
OO "Parnoid" singer? Ozzy Osbourne
53%
ZZ Just left the Real Madrid managers job Zinedine Zidane
52%
HH Was a major American business magnate and philanthropist (d.1976) Howard Hughes
51%
MM Left wing US film maker Michael Moore
51%
SS "Dead Man Walking" Oscar winner Susan Sarandon
40%
KK She bent if like Beckham Keira Knightley
38%
EE Enigma Variations, the Pomp and Circumstance Marches composer Edward Elgar
37%
DD "Israelites" singer Desmond Dekker
29%
PP At Manchester Utd currently......again Paul Pogba
21%
BB English left wing singer, aka The Barking Bard Billy Bragg
18%
FF Public Enemy? Flavor Flav
14%
II Austrian philosopher (d. 2002) Ivan Illich
2%
TT Britsh rapper Tinie Termpah
0%
No matching quizzes found
Score Distribution
Percent of People with Each Score
Percentile by Number Answered
Your Score History
You have not taken this quiz